书目信息 |
| 题名: |
北高加索古代历史研究
|
|
| 作者: | 谭天宇, 著 | |
| 分册: | ||
| 出版信息: | 哈尔滨 黑龙江人民出版社 2021.08 |
|
| 页数: | 11, 291页 | |
| 开本: | 21cm | |
| 丛书名: | ||
| 单 册: | ||
| 中图分类: | K512.95 | |
| 科图分类: | ||
| 主题词: | 地方史--di fang shi--研究--高加索--古代 | |
| 电子资源: | ||
| ISBN: | 978-7-207-11323-8 | |
| 000 | 00959nam0 2200253 450 | |
| 001 | CAL 0120217318903 | |
| 005 | 20230217093112.0 | |
| 010 | @a978-7-207-11323-8@dCNY48.00 | |
| 100 | @a20211127d2021 em y0chiy0120 ea | |
| 101 | 0 | @achi |
| 102 | @aCN@b230000 | |
| 105 | @aa a 000yy | |
| 106 | @ar | |
| 200 | 1 | @a北高加索古代历史研究@Abei gao jia suo gu dai li shi yan jiu@f谭天宇著 |
| 210 | @a哈尔滨@c黑龙江人民出版社@d2021.08 | |
| 215 | @a11, 291页@c图@d21cm | |
| 314 | @a谭天宇, 赣南师范学院历史学学士, 黑龙江省社会科学院历史学硕士。 | |
| 320 | @a有书目 | |
| 330 | @a本书通过对北高加索古代历史的综述, 纵向梳理了这一地区自古以来的政治、经济、文化以及对外交流等方面的基本线索和重要事件。共4章, 分别为北高加索古代历史综述 ; 北高加索地区的考古成就等。 | |
| 606 | 0 | @a地方史@Adi fang shi@x研究@y高加索@z古代 |
| 690 | @aK512.95@v5 | |
| 701 | 0 | @a谭天宇,@Atan tian yu@f1986-@4著 |
| 801 | 0 | @aCN@bBJXHZP@c20230228 |
| 905 | @b1399418-21@dK512.95@e63@f4 | |
| 北高加索古代历史研究/谭天宇著.-哈尔滨:黑龙江人民出版社,2021.08 |
| 11, 291页:图;21cm |
| ISBN 978-7-207-11323-8:CNY48.00 |
| 本书通过对北高加索古代历史的综述, 纵向梳理了这一地区自古以来的政治、经济、文化以及对外交流等方面的基本线索和重要事件。共4章, 分别为北高加索古代历史综述 ; 北高加索地区的考古成就等。 |
| ● |
| 相关链接 |
|
|
|
|
正题名:北高加索古代历史研究
索取号:K512.95/63
 
预约/预借
| 序号 | 登录号 | 条形码 | 馆藏地/架位号 | 状态 | 备注 |
| 1 | 1399418 | 213994187 | 第二样本阅览室/ [索取号:K512.95/63] | 在馆 | |
| 2 | 1399419 | 213994196 | 第二借阅区/ [索取号:K512.95/63] | 在馆 | |
| 3 | 1399420 | 213994203 | 第二借阅区/ [索取号:K512.95/63] | 在馆 | |
| 4 | 1399421 | 213994212 | 第二借阅区/ [索取号:K512.95/63] | 在馆 |